Statistiques concernant Doctor Who - Episodes S10

Cliquez ici pour prendre le quiz!

Statistiques générales

  • Ce quiz a été pris 5 fois
  • Le résultat moyen est 11 sur 14

Statistiques - réponses

EpisodesTitres% Correct
Episode Spécial NoëlIl était deux fois
100%
1Le Pilote
100%
Episode Spécial NoëlLe Retour du Docteur Mystério
100%
2Souriez
100%
3La Foire des glaces
80%
12Le Docteur tombe
80%
10Les Mange-lumière
80%
11L'Eternité devant soi
80%
9L'Impératrice de Mars
80%
5Oxygène
80%
4Toc, Toc
80%
6Extremis
60%
7La Pyramide de la fin du monde
60%
8La Terre du mensonge
60%

Distribution des résultats

Percentile par nombre de réponses

% des personnes avec chaque résultat

Votre développement - résultats

Vous n’avez pas pris ce quiz